Hunyad vármegye

Elmentve itt :
Bibliográfiai részletek
Dokumentumtípus: Cikk
Megjelent: Belvedere Meridionale Szeged 1990
Sorozat:Belvedere Meridionale 2 No. 2
Kulcsszavak:Hunyad vármegye története
Tárgyszavak:
Online Access:http://acta.bibl.u-szeged.hu/4229
LEADER 00624nab a2200181 i 4500
001 acta4229
005 20250828151229.0
008 161015s1990 hu o 000 hun d
040 |a SZTE Egyetemi Kiadványok Repozitórium  |b hun 
041 |a hun 
245 0 0 |a Hunyad vármegye  |h [elektronikus dokumentum] 
260 |a Belvedere Meridionale  |b Szeged  |c 1990 
300 |a 4 
490 0 |a Belvedere Meridionale  |v 2 No. 2 
650 4 |a Bölcsészettudományok 
650 4 |a Történettudomány és régészet 
695 |a Hunyad vármegye története 
856 4 0 |u http://acta.bibl.u-szeged.hu/4229/1/belvedere_1990_002_004.pdf  |z Dokumentum-elérés